000 00790nam a2200265 i 4500
001 89105
003 ES-MaACL
005 20230906180057.0
007 t|
008 050201s2004 sp ||||1| spa d
020 _a84-339-3142-3
080 _a821.131.1-992"19"
080 _a914(282 Danubio)
100 1 _aMagris, Claudio.
_975515
245 1 3 _aEl Danubio /
_cClaudio Magris ; traducción de Joaquín Jordá.
250 _a5ª ed.
260 _aBarcelona :
_bAnagrama,
_c2004.
300 _a370 p. :
_bmap. ;
_c22 cm.
490 1 _aPanorama de narrativas ;
_v142
651 4 _aDanubio (Valle)-
_xDescripción.
_98130
700 1 _aJordá, Joaquín.
_966895
830 0 0 _aPanorama de narrativas
_v142
_9123642
852 _aES-MaACL
_jL-28737
_bR.135175
999 _c89105
_d89105